01075nam a2200217 i 450000100060000000300090000600500170001500700030003200800410003508000080007610000320008424500710011626000360018730000200022350503850024365000390062865000260066785200240069399900170071795201230073437964ES-MaACL20230906155655.0t|030224s1930 fr ||||1| fre d a9291 aCabanès, Augustin.93313610aGrands névropathes b: malades immortels / cAugustin Cabanès. aParis : bAlbin Michel, c1930. a3 v. ; c19 cm.8 aContiene: T. I: Bandelaire. Byron. Chateaubriand. Moliere. Pascal. Shelley. Wagner. -- T. II: La fontaine. Rosseau. Retif de la Bretonne. Bernandin de Saint Pierre. Lamennais. Auguste Comte. Alfred de Musset. Victor Hugo. Sainte Beuve. Les freres de Goncourt. -- T. III: Hoffmann. Heine. Swift. Quincey. Coleridge. Cooper. Jennyson. Chopin Gogol. Gontcharov. Lermontov Dostoievsky 4aEscritores-vBiografías.9136034 4aCelebridades.91399884 aES-MaACLjA-4259-61 c37964d37964 00104070aATENEOMbATENEOMcSPP1d2008-01-17eSCl0oA-4259-61p1039972r2023-02-23 00:00:00w2023-02-23yMONOGRAFIA